000 00284nam a22001217a 4500
008 171123b xxu||||| |||| 00| 0 eng d
041 _aeng
080 _a62
100 _a27
101 _aINX
245 _aASHRAE GUIDE AND DATA BOOK APPLICATIONS
_cHOUGH.C.G
942 _2udc
_cBK
999 _c38353
_d38353